| 000 | 01312cem a2200397 a 4500 | ||
|---|---|---|---|
| 999 |
_c522585 _d522585 |
||
| 001 | 12301499 | ||
| 003 | NUST | ||
| 005 | 20181121065722.0 | ||
| 007 | ad canzn | ||
| 008 | 010206r1990 pk abg e f 0 eng | ||
| 010 | _a 2001622215 | ||
| 034 | 0 | _aa | |
| 038 | _aArshad | ||
| 040 |
_aDLC _cDLC _dDLC |
||
| 050 | 0 | 0 |
_aG2270 _b.S8 1990 |
| 052 | _a7640 | ||
| 052 | _a7641 | ||
| 072 | 7 |
_aG1 _2lcg |
|
| 072 | 7 |
_aE1 _2lcg |
|
| 082 | 0 | 0 |
_a912.5491 _bATA |
| 110 | 2 |
_aSurvey of Pakistan. _912623 |
|
| 245 | 1 | 0 | _aAtlas of Pakistan. |
| 255 | _aScales differ. | ||
| 260 |
_aRawalpindi : _bDirector Map Publication, Survey of Pakistan, _c1990. |
||
| 300 |
_a1 atlas (129 p.) : _bcol. maps ; _c45 cm. |
||
| 500 | _aRelief shown by contours, gradient tints, and spot heights. | ||
| 500 | _a"Reprinted with minor amendments ... "--T.p. verso. | ||
| 500 | _aIncludes gazetteers and distance charts. | ||
| 505 | 0 | _aWorld thematic maps -- Pakistan regional maps -- Pakistan thematic maps -- Continents maps. | |
| 651 | 0 |
_aPakistan _vMaps. _912624 |
|
| 651 | 0 |
_aPakistan _xEconomic conditions _vMaps. _912625 |
|
| 651 | 0 |
_aPakistan _xSocial conditions _vMaps. _912626 |
|
| 906 |
_a7 _bcbc _corigcop _du _encip _f20 _gn-geogmaps |
||
| 942 |
_2ddc _cBK |
||